| 000 | 00650nam a22001937a 4500 | ||
|---|---|---|---|
| 999 |
_c16457 _d16457 |
||
| 003 | OSt | ||
| 005 | 20170830114117.0 | ||
| 008 | 170830b xxu||||| |||| 00| 0 eng d | ||
| 020 | _a9789991686592 | ||
| 040 |
_aKABU _cKABU |
||
| 100 | _aTotemeyer, Gerhard | ||
| 245 |
_aNamibia today _bchallenges and obstacles to reconciliation and stability _cGerhard Totemeyer |
||
| 260 |
_aWindhoek _bNamibia Institute for Democracy _c2014 |
||
| 300 | _a144p. | ||
| 650 |
_aDemocracy _zNamibia |
||
| 650 |
_aReconciliation _xPolitical aspects _zNamibia |
||
| 651 |
_aNamibia _xPolitics and government _y1990- |
||
| 942 |
_2lcc _cBK _hDT1649 _i.T68 2014 |
||